Normal view
MARC view
Entry Topical Term
001 - CONTROL NUMBER
- control field: 144
003 - CONTROL NUMBER IDENTIFIER
- control field: OSt
005 - DATE AND TIME OF LATEST TRANSACTION
- control field: 20180722194715.0
008 - FIXED-LENGTH DATA ELEMENTS
- fixed length control field: 180722|| aca||aabn | a|a d
040 ## - CATALOGING SOURCE
- Original cataloging agency: OSt
- Transcribing agency: OSt
150 ## - HEADING--TOPICAL TERM
- Topical term or geographic name entry element: Scientific apparatus and instruments
670 ## - SOURCE DATA FOUND
- Source citation: Work cat.: (OSt)431101: Woollatt, George H 143, Laboratory arts: a teacherメs handbook dealing with materials and tools used in the contruction, adjustment, and repair o, 1925
